000 01162nam a22002537a 4500
999 _c65739
_d65739
005 20240530110841.0
008 200912s2020 ua a g b 000 0dara d
017 _a2019/19968
_bمصر. دار الكتب
020 _a9789773224172
040 _aEG-CaGPL
_cEG-CaGPL
082 0 4 _221
_a610.932022
_bق/ رأ
100 1 _aهيرت راج ، مارجريت
245 0 2 _aاطباء ومرضى فى مصر عصر الرومان :
_bدراسة اجتماعية قانونية عن الطب من القرن الاول حتى الرابع الميلادى/
_cتاليف مارجريت هيرت راج ؛ ترجمة حسين احمد عبدالله ؛ ترجمة هناء زكريا
250 _aط.1
260 _aالقاهرة :
_bعين للدراسات و البحوث الانسانية و الاجتماعية،
_c2020
300 _a407 ص. ؛
_c24 سم.
650 0 7 _2qrmak
_aالطب
_xتاريخ
650 0 7 _aالطب المصرى القديم
650 0 7 _aالطب
_xتاريخ
_yالعصر الرومانى
651 _2qrmak
700 0 _aمارجريت هيرت راج
942 _2ddc
_cBK